Science Quiz

Random Science or Letter Quiz

Animals That Start with 'B' Quiz Stats

 Plays Quiz Updated Mar 25, 2016

Challenge
Share
Tweet
Score 0/16 Timer 04:00
5 Plays Today
% Correct
Brown Bear
99.1%
Bumble Bee
99%
Butterfly
98.8%
Bat
98.1%
Bison
96.2%
Beaver
95.9%
Bald Eagle
91.2%
Baboon
85.7%
% Correct
Badger
82.1%
Blue Whale
78.8%
Bobcat
77.7%
Bullfrog
71.8%
Beluga Whale
63.8%
Blue-footed booby
44.6%
Bearded Dragon
34.9%
Bushbaby
25.5%

You're not logged in!

Compare scores with friends on all Sporcle quizzes.
OR
Log In

You Might Also Like...

Show Comments

Extras

Top Quizzes Today


Score Distribution

Your Account Isn't Verified!

In order to create a playlist on Sporcle, you need to verify the email address you used during registration. Go to your Sporcle Settings to finish the process.

Report this User

Report this user for behavior that violates our Community Guidelines.

Details: